LEADER 00600nam a2200169 i 4500 001 000000129004 003 CaOOAMICUS 005 20170614000000.0 008 170614s1867 it u000 u ita u 013 $a101737 040 $aSeMil$bita 245 10$aVol. 1. 300 $a477 p. 773 0 $aMartini, Luigi <1803-1877>$tConfortatorio di Mantova negli anni 1851, 52, 53 e 55.$dMantova : Tip. Benvenuti, rapp. da E. Francescola, 1867.$g1$w()4227 850 $aSeMil 852 $aSeMil$W1$xVenegono$y1$m3U II 7 FA$j83155$B83155$CSeMilBibl$Z2$F86421 $8I 996 $6245$aVol. 1$9(OLS)http://semarc/title/13429 LEADER 01114nam a2200265 i 4500 001 000000066786 003 CaOOAMICUS 005 20080422000000.0 008 080422s1996 it u000 u ita u 013 $a37958 020 $a88-06-13608-6 040 $aSeMil$bita 100 1 $aBobbio, Norberto,$d<1909-2004>.$0(OLS)http://semarc/name/1206 245 13$aDe senectute e altri scritti autobiografici /$cNorberto Bobbio ; nota ai testi e nota biografica a cura di Pietro Polito. 260 $aTorino :$bEinaudi,$c1996. 300 $aVI, 200 p. ;$c20 cm. 490 0 $aGli struzzi ;$v481 700 1 $aPolito, Pietro,$d<1956- >.$0(OLS)http://semarc/name/33487 830 4$aGli struzzi ;$v481.$0(OLS)http://semarc/title/6903 850 $aSeMil 852 $aSeMil$W1$xVenegono$y1$m2Q I 358$j32939$B32939$CSeMilBibl$Z2$F32942 $81 961 $aOmaggio: Ghiringhelli prof. Livio 996 $6020$a88-06-13608-6$9(OLS)http://semarc/number/44506 996 $6245$aDe senectute e altri scritti autobiografici$9(OLS)http://semarc/title/106274 996 $6260$aTorino :$bEinaudi$9(OLS)http://semarc/publisher/29884